000
00199 a2200097 4500
020
_a
9780143474296
100
_a
Sudha Murty
245
_a
The circle of life
260
_b
Penguin
_c
2025
942
_c
OO
999
_c
116096
_d
116095